000 01218cam a2200253 4500
001 WB4025-18
008 040630n2004 000 0 eng u
035 _a(Sirsi) u126639
245 _aGated communities good for renewal
260 _c2004
490 _aUniversity of Westminster Press Release
_v22 June 2004 (4)
520 _aResearch by the University of Westminster has found that gated communities can help social inclusion, improve the local environment and assist urban renewal, contrasting with the prevalent view that they increase segregation and increase the gap between the rich and the poor. The paper uses the theory of club goods to understand gating as a response by groups of people to real and perceived issues of crime, vandalism and anti-social behaviour. "Gated communities as club goods: segregation or social cohesion" is available from [email protected]. http://www.wmin.ac.uk/page-2903
590 _aWB
590 _aWB
650 _aSOCIAL INCLUSION
650 _aURBAN RENEWAL
650 _aGATED COMMUNITIES
650 _aSEGREGATION
650 _aSOCIAL COHESION
650 _aCLUB GOODS
650 _aSOCIAL HOUSING
690 _aREGENERATION
942 _n0
999 _c117614
_d117614